Spin the World & Guess the Countries - Statistics

General Stats
  • This quiz has been taken 261,415 times
    261,279 since last reset
  • The average score is 10 of 15
Answers on the Map
Answers color-coded by a green-red scale on the quiz's map according to % correct below.
 
Answer Stats
Country Country % Correct
Country Brazil
99%
Country France
99%
Country United States
99%
Country Brazil
98%
Country China
98%
Country China
98%
Country France
98%
Country Russia
98%
Country United States
98%
Country Australia
97%
Country Australia
97%
Country Australia
97%
Country China
97%
Country Germany
97%
Country Russia
97%
Country United States
97%
Country Argentina
96%
Country Australia
96%
Country Australia
96%
Country Chile
96%
Country China
96%
Country China
96%
Country France
96%
Country France
96%
Country Germany
96%
Country Germany
96%
Country Germany
96%
Country Mexico
96%
Country Mexico
96%
Country Mexico
96%
Country Russia
96%
Country Russia
96%
Country United Kingdom
96%
Country United States
96%
Country United States
96%
Country Brazil
95%
Country Canada
95%
Country China
95%
Country China
95%
Country China
95%
Country China
95%
Country France
95%
Country France
95%
Country France
95%
Country France
95%
Country Russia
95%
Country Russia
95%
Country Russia
95%
Country Spain
95%
Country United Kingdom
95%
Country United States
95%
Country United States
95%
Country United States
95%
Country Argentina
94%
Country Australia
94%
Country Canada
94%
Country China
94%
Country China
94%
Country China
94%
Country China
94%
Country France
94%
Country France
94%
Country France
94%
Country Germany
94%
Country Italy
94%
Country Japan
94%
Country Mexico
94%
Country Russia
94%
Country Russia
94%
Country Russia
94%
Country South Africa
94%
Country United Kingdom
94%
Country United Kingdom
94%
Country United States
94%
Country Belgium
93%
Country Canada
93%
Country Chile
93%
Country China
93%
Country China
93%
Country China
93%
Country China
93%
Country China
93%
Country China
93%
Country China
93%
Country France
93%
Country France
93%
Country France
93%
Country Germany
93%
Country Germany
93%
Country India
93%
Country New Zealand
93%
Country Russia
93%
Country Russia
93%
Country Russia
93%
Country Russia
93%
Country Russia
93%
Country South Africa
93%
Country Spain
93%
Country United Kingdom
93%
Country United States
93%
Country United States
93%
Country United States
93%
Country China
92%
Country China
92%
Country China
92%
Country China
92%
Country China
92%
Country Colombia
92%
Country Colombia
92%
Country Denmark
92%
Country France
92%
Country France
92%
Country France
92%
Country France
92%
Country France
92%
Country Germany
92%
Country Germany
92%
Country Greece
92%
Country India
92%
Country India
92%
Country India
92%
Country India
92%
Country India
92%
Country India
92%
Country India
92%
Country India
92%
Country India
92%
Country Indonesia
92%
Country Mexico
92%
Country Netherlands
92%
Country Netherlands
92%
Country New Zealand
92%
Country Poland
92%
Country Portugal
92%
Country Russia
92%
Country Russia
92%
Country Spain
92%
Country Sweden
92%
Country Sweden
92%
Country Thailand
92%
Country United Kingdom
92%
Country United States
92%
Country Vietnam
92%
Country Belgium
91%
Country Belgium
91%
Country Bolivia
91%
Country China
91%
Country Egypt
91%
Country France
91%
Country Germany
91%
Country Germany
91%
Country Germany
91%
Country Germany
91%
Country India
91%
Country Italy
91%
Country Italy
91%
Country Japan
91%
Country Mongolia
91%
Country Norway
91%
Country Norway
91%
Country Norway
91%
Country Portugal
91%
Country Russia
91%
Country Russia
91%
Country Russia
91%
Country Russia
91%
Country Russia
91%
Country Russia
91%
Country United States
91%
Country Argentina
90%
Country Belgium
90%
Country China
90%
Country China
90%
Country France
90%
Country India
90%
Country India
90%
Country India
90%
Country Italy
90%
Country Italy
90%
Country Netherlands
90%
Country Peru
90%
Country Poland
90%
Country Poland
90%
Country Russia
90%
Country Russia
90%
Country Russia
90%
Country South Korea
90%
Country United Kingdom
90%
Country United Kingdom
90%
Country United States
90%
Country Algeria
89%
Country Brazil
89%
Country China
89%
Country Colombia
89%
Country Democratic Republicof the Congo
89%
Country Denmark
89%
Country Denmark
89%
Country Denmark
89%
Country Egypt
89%
Country France
89%
Country Germany
89%
Country India
89%
Country Indonesia
89%
Country Italy
89%
Country Italy
89%
Country Japan
89%
Country Japan
89%
Country Luxembourg
89%
Country Mongolia
89%
Country Netherlands
89%
Country New Zealand
89%
Country Niger
89%
Country North Korea
89%
Country Norway
89%
Country Paraguay
89%
Country Peru
89%
Country Russia
89%
Country Saudi Arabia
89%
Country South Africa
89%
Country Spain
89%
Country Spain
89%
Country Sweden
89%
Country Switzerland
89%
Country Thailand
89%
Country Thailand
89%
Country United Kingdom
89%
Country United Kingdom
89%
Country Belgium
88%
Country Bolivia
88%
Country Chile
88%
Country China
88%
Country Cuba
88%
Country Democratic Republicof the Congo
88%
Country Democratic Republicof the Congo
88%
Country Democratic Republicof the Congo
88%
Country Denmark
88%
Country Egypt
88%
Country Egypt
88%
Country Egypt
88%
Country France
88%
Country France
88%
Country Germany
88%
Country Germany
88%
Country Germany
88%
Country Germany
88%
Country Greece
88%
Country India
88%
Country India
88%
Country India
88%
Country India
88%
Country India
88%
Country Iran
88%
Country Ireland
88%
Country Italy
88%
Country Japan
88%
Country Laos
88%
Country Mexico
88%
Country Mongolia
88%
Country Niger
88%
Country Norway
88%
Country Pakistan
88%
Country Paraguay
88%
Country Russia
88%
Country Russia
88%
Country Russia
88%
Country Saudi Arabia
88%
Country Sweden
88%
Country Switzerland
88%
Country Thailand
88%
Country Thailand
88%
Country Ukraine
88%
Country Ukraine
88%
Country United Kingdom
88%
Country Vietnam
88%
Country Albania
87%
Country China
87%
Country Democratic Republicof the Congo
87%
Country Egypt
87%
Country Egypt
87%
Country Egypt
87%
Country France
87%
Country Germany
87%
Country Germany
87%
Country Greece
87%
Country Greece
87%
Country India
87%
Country India
87%
Country Indonesia
87%
Country Iraq
87%
Country Italy
87%
Country Lesotho
87%
Country Nepal
87%
Country Netherlands
87%
Country Niger
87%
Country Niger
87%
Country Papua New Guinea
87%
Country Peru
87%
Country Poland
87%
Country Poland
87%
Country Poland
87%
Country Portugal
87%
Country South Africa
87%
Country South Africa
87%
Country Spain
87%
Country Spain
87%
Country Sweden
87%
Country Sweden
87%
Country Thailand
87%
Country United Kingdom
87%
Country Vietnam
87%
Country Vietnam
87%
Country Zimbabwe
87%
Country Austria
86%
Country Belgium
86%
Country Belgium
86%
Country Belgium
86%
Country Belgium
86%
Country Belgium
86%
Country Brazil
86%
Country Brazil
86%
Country Brazil
86%
Country Cambodia
86%
Country Chad
86%
Country China
86%
Country China
86%
Country Democratic Republicof the Congo
86%
Country Democratic Republicof the Congo
86%
Country Democratic Republicof the Congo
86%
Country Denmark
86%
Country France
86%
Country Germany
86%
Country Greece
86%
Country India
86%
Country India
86%
Country India
86%
Country India
86%
Country India
86%
Country India
86%
Country India
86%
Country Indonesia
86%
Country Indonesia
86%
Country Indonesia
86%
Country Italy
86%
Country Italy
86%
Country Italy
86%
Country Italy
86%
Country Italy
86%
Country Italy
86%
Country Kazakhstan
86%
Country Laos
86%
Country Laos
86%
Country Luxembourg
86%
Country Luxembourg
86%
Country Morocco
86%
Country Morocco
86%
Country Morocco
86%
Country Netherlands
86%
Country Norway
86%
Country Oman
86%
Country Poland
86%
Country Poland
86%
Country Romania
86%
Country South Korea
86%
Country Taiwan
86%
Country Turkey
86%
Country United Kingdom
86%
Country United Kingdom
86%
Country Vietnam
86%
Country Yemen
86%
Country Afghanistan
85%
Country Algeria
85%
Country Argentina
85%
Country Belgium
85%
Country Belgium
85%
Country Bolivia
85%
Country Brazil
85%
Country Brazil
85%
Country Brazil
85%
Country Brazil
85%
Country Chad
85%
Country Croatia
85%
Country Cuba
85%
Country Cuba
85%
Country Cuba
85%
Country Czech Republic
85%
Country Democratic Republicof the Congo
85%
Country Egypt
85%
Country Ethiopia
85%
Country Fiji
85%
Country France
85%
Country Greece
85%
Country India
85%
Country Indonesia
85%
Country Indonesia
85%
Country Iran
85%
Country Ireland
85%
Country Italy
85%
Country Kenya
85%
Country Laos
85%
Country Laos
85%
Country Laos
85%
Country Libya
85%
Country Luxembourg
85%
Country Mongolia
85%
Country Nepal
85%
Country Netherlands
85%
Country Netherlands
85%
Country Netherlands
85%
Country Netherlands
85%
Country Niger
85%
Country Niger
85%
Country Nigeria
85%
Country Pakistan
85%
Country Pakistan
85%
Country Pakistan
85%
Country Pakistan
85%
Country Papua New Guinea
85%
Country Poland
85%
Country Poland
85%
Country Poland
85%
Country Portugal
85%
Country Saudi Arabia
85%
Country Saudi Arabia
85%
Country Serbia
85%
Country Somalia
85%
Country Somalia
85%
Country South Africa
85%
Country Spain
85%
Country Sweden
85%
Country Switzerland
85%
Country Switzerland
85%
Country Thailand
85%
Country Thailand
85%
Country Vietnam
85%
Country Vietnam
85%
Country Vietnam
85%
Country Vietnam
85%
Country Zambia
85%
Country Austria
84%
Country Belarus
84%
Country Belarus
84%
Country Belgium
84%
Country Botswana
84%
Country Brazil
84%
Country Brazil
84%
Country Bulgaria
84%
Country Cambodia
84%
Country China
84%
Country Colombia
84%
Country Croatia
84%
Country Democratic Republicof the Congo
84%
Country Democratic Republicof the Congo
84%
Country Ecuador
84%
Country Egypt
84%
Country Egypt
84%
Country Egypt
84%
Country Egypt
84%
Country Eswatini
84%
Country France
84%
Country Germany
84%
Country India
84%
Country India
84%
Country Indonesia
84%
Country Indonesia
84%
Country Iraq
84%
Country Israel
84%
Country Italy
84%
Country Italy
84%
Country Italy
84%
Country Italy
84%
Country Japan
84%
Country Kazakhstan
84%
Country Kazakhstan
84%
Country Laos
84%
Country Mongolia
84%
Country Mongolia
84%
Country Morocco
84%
Country Myanmar
84%
Country Myanmar
84%
Country Netherlands
84%
Country Niger
84%
Country Paraguay
84%
Country Poland
84%
Country Portugal
84%
Country Russia
84%
Country Saudi Arabia
84%
Country Saudi Arabia
84%
Country South Korea
84%
Country South Sudan
84%
Country Sudan
84%
Country Sudan
84%
Country Sweden
84%
Country Thailand
84%
Country Thailand
84%
Country Ukraine
84%
Country United Kingdom
84%
Country United Kingdom
84%
Country Vietnam
84%
Country Vietnam
84%
Country Vietnam
84%
Country Yemen
84%
Country Algeria
83%
Country Algeria
83%
Country Argentina
83%
Country Argentina
83%
Country Australia
83%
Country Bhutan
83%
Country Bosnia and Herzegovina
83%
Country Brazil
83%
Country Cambodia
83%
Country Cambodia
83%
Country Czech Republic
83%
Country Democratic Republicof the Congo
83%
Country Democratic Republicof the Congo
83%
Country Estonia
83%
Country Fiji
83%
Country Finland
83%
Country Germany
83%
Country Greece
83%
Country Iceland
83%
Country India
83%
Country Indonesia
83%
Country Indonesia
83%
Country Ireland
83%
Country Italy
83%
Country Japan
83%
Country Kazakhstan
83%
Country Kazakhstan
83%
Country Kazakhstan
83%
Country Kenya
83%
Country Laos
83%
Country Laos
83%
Country Laos
83%
Country Latvia
83%
Country Latvia
83%
Country Lesotho
83%
Country Lithuania
83%
Country Mongolia
83%
Country Myanmar
83%
Country Namibia
83%
Country Nepal
83%
Country Nepal
83%
Country Netherlands
83%
Country Netherlands
83%
Country Niger
83%
Country Niger
83%
Country Nigeria
83%
Country North Korea
83%
Country Pakistan
83%
Country Pakistan
83%
Country Portugal
83%
Country Republicof the Congo
83%
Country Saudi Arabia
83%
Country Saudi Arabia
83%
Country Somalia
83%
Country South Korea
83%
Country South Sudan
83%
Country Sudan
83%
Country Sudan
83%
Country Sweden
83%
Country Sweden
83%
Country Taiwan
83%
Country Thailand
83%
Country Thailand
83%
Country Tunisia
83%
Country United Kingdom
83%
Country United States
83%
Country Vietnam
83%
Country Yemen
83%
Country Afghanistan
82%
Country Bangladesh
82%
Country Belarus
82%
Country Belgium
82%
Country Belgium
82%
Country Bolivia
82%
Country Bosnia and Herzegovina
82%
Country Chad
82%
Country Cuba
82%
Country Democratic Republicof the Congo
82%
Country Democratic Republicof the Congo
82%
Country Denmark
82%
Country Denmark
82%
Country Denmark
82%
Country Denmark
82%
Country Egypt
82%
Country Fiji
82%
Country France
82%
Country Indonesia
82%
Country Indonesia
82%
Country Indonesia
82%
Country Indonesia
82%
Country Iran
82%
Country Iran
82%
Country Iraq
82%
Country Italy
82%
Country Italy
82%
Country Italy
82%
Country Kenya
82%
Country Kenya
82%
Country Kosovo
82%
Country Malaysia
82%
Country Mali
82%
Country Mongolia
82%
Country Montenegro
82%
Country Morocco
82%
Country Morocco
82%
Country Mozambique
82%
Country Nepal
82%
Country Nepal
82%
Country Niger
82%
Country Nigeria
82%
Country North Korea
82%
Country North Macedonia
82%
Country Norway
82%
Country Norway
82%
Country Norway
82%
Country Oman
82%
Country Pakistan
82%
Country Panama
82%
Country Panama
82%
Country Papua New Guinea
82%
Country Paraguay
82%
Country Peru
82%
Country Republic of the Congo
82%
Country Russia
82%
Country Russia
82%
Country Serbia
82%
Country South Sudan
82%
Country Sudan
82%
Country Sudan
82%
Country Syria
82%
Country Thailand
82%
Country Ukraine
82%
Country United Arab Emirates
82%
Country United Kingdom
82%
Country Vietnam
82%
Country Yemen
82%
Country Zimbabwe
82%
Country Afghanistan
81%
Country Algeria
81%
Country Algeria
81%
Country Argentina
81%
Country Argentina
81%
Country Argentina
81%
Country Argentina
81%
Country Argentina
81%
Country Argentina
81%
Country Austria
81%
Country Austria
81%
Country Belgium
81%
Country Belgium
81%
Country Bhutan
81%
Country Cambodia
81%
Country Chad
81%
Country Chile
81%
Country Chile
81%
Country China
81%
Country Colombia
81%
Country Croatia
81%
Country Cuba
81%
Country Democratic Republicof the Congo
81%
Country Egypt
81%
Country Egypt
81%
Country Ethiopia
81%
Country Ethiopia
81%
Country Fiji
81%
Country France
81%
Country France
81%
Country Germany
81%
Country India
81%
Country India
81%
Country India
81%
Country Iran
81%
Country Iran
81%
Country Iran
81%
Country Ireland
81%
Country Ireland
81%
Country Italy
81%
Country Italy
81%
Country Italy
81%
Country Jamaica
81%
Country Jordan
81%
Country Kazakhstan
81%
Country Kazakhstan
81%
Country Laos
81%
Country Libya
81%
Country Lithuania
81%
Country Luxembourg
81%
Country Luxembourg
81%
Country Mongolia
81%
Country Mongolia
81%
Country Mongolia
81%
Country Morocco
81%
Country Myanmar
81%
Country Myanmar
81%
Country Nepal
81%
Country Netherlands
81%
Country Nigeria
81%
Country Nigeria
81%
Country Oman
81%
Country Poland
81%
Country Republic of the Congo
81%
Country Republic of the Congo
81%
Country Republic of the Congo
81%
Country Romania
81%
Country Saudi Arabia
81%
Country Solomon Islands
81%
Country South Sudan
81%
Country South Sudan
81%
Country Sudan
81%
Country Sudan
81%
Country Sudan
81%
Country Sudan
81%
Country Switzerland
81%
Country Switzerland
81%
Country Switzerland
81%
Country Taiwan
81%
Country Thailand
81%
Country Thailand
81%
Country Thailand
81%
Country Ukraine
81%
Country United Kingdom
81%
Country Uruguay
81%
Country Uruguay
81%
Country Afghanistan
80%
Country Afghanistan
80%
Country Angola
80%
Country Angola
80%
Country Australia
80%
Country Austria
80%
Country Austria
80%
Country Bangladesh
80%
Country Botswana
80%
Country Cambodia
80%
Country Chile
80%
Country Colombia
80%
Country Democratic Republicof the Congo
80%
Country Democratic Republicof the Congo
80%
Country Democratic Republic of the Congo
80%
Country Denmark
80%
Country Denmark
80%
Country Ecuador
80%
Country Egypt
80%
Country Estonia
80%
Country Estonia
80%
Country Fiji
80%
Country France
80%
Country Germany
80%
Country Haiti
80%
Country India
80%
Country India
80%
Country Indonesia
80%
Country Indonesia
80%
Country Iran
80%
Country Iran
80%
Country Iran
80%
Country Ireland
80%
Country Israel
80%
Country Italy
80%
Country Italy
80%
Country Kenya
80%
Country Laos
80%
Country Libya
80%
Country Luxembourg
80%
Country Malaysia
80%
Country Malaysia
80%
Country Mali
80%
Country Mongolia
80%
Country Morocco
80%
Country Netherlands
80%
Country Netherlands
80%
Country Niger
80%
Country Nigeria
80%
Country Oman
80%
Country Pakistan
80%
Country Pakistan
80%
Country Palau
80%
Country Panama
80%
Country Peru
80%
Country Poland
80%
Country Poland
80%
Country Qatar
80%
Country Republicof the Congo
80%
Country Republicof the Congo
80%
Country Republic of the Congo
80%
Country Rwanda
80%
Country Somalia
80%
Country South Sudan
80%
Country Tanzania
80%
Country Tanzania
80%
Country Tanzania
80%
Country Thailand
80%
Country Tunisia
80%
Country Tunisia
80%
Country Turkey
80%
Country Uganda
80%
Country Ukraine
80%
Country Uruguay
80%
Country Uzbekistan
80%
Country Uzbekistan
80%
Country Venezuela
80%
Country Vietnam
80%
Country Afghanistan
79%
Country Algeria
79%
Country Australia
79%
Country Austria
79%
Country Bangladesh
79%
Country Belarus
79%
Country Bhutan
79%
Country Bolivia
79%
Country Botswana
79%
Country Brazil
79%
Country Cambodia
79%
Country Canada
79%
Country Chad
79%
Country Chad
79%
Country Chad
79%
Country Chile
79%
Country China
79%
Country Colombia
79%
Country Denmark
79%
Country Ethiopia
79%
Country Germany
79%
Country Germany
79%
Country Greece
79%
Country Guatemala
79%
Country Honduras
79%
Country Iran
79%
Country Iran
79%
Country Ireland
79%
Country Israel
79%
Country Israel
79%
Country Italy
79%
Country Italy
79%
Country Italy
79%
Country Jamaica
79%
Country Kazakhstan
79%
Country Kazakhstan
79%
Country Kenya
79%
Country Laos
79%
Country Laos
79%
Country Laos
79%
Country Latvia
79%
Country Lebanon
79%
Country Libya
79%
Country Libya
79%
Country Luxembourg
79%
Country Luxembourg
79%
Country Malaysia
79%
Country Malaysia
79%
Country Mali
79%
Country Morocco
79%
Country Myanmar
79%
Country Myanmar
79%
Country Myanmar
79%
Country Nepal
79%
Country Nepal
79%
Country Niger
79%
Country Pakistan
79%
Country Panama
79%
Country Papua New Guinea
79%
Country Papua New Guinea
79%
Country Peru
79%
Country Poland
79%
Country Poland
79%
Country Poland
79%
Country Republic of the Congo
79%
Country Republic of the Congo
79%
Country Saudi Arabia
79%
Country Saudi Arabia
79%
Country Singapore
79%
Country Slovakia
79%
Country Slovenia
79%
Country Somalia
79%
Country South Africa
79%
Country South Korea
79%
Country South Sudan
79%
Country South Sudan
79%
Country Spain
79%
Country Sri Lanka
79%
Country Sudan
79%
Country Sudan
79%
Country Switzerland
79%
Country Switzerland
79%
Country Thailand
79%
Country Uganda
79%
Country Ukraine
79%
Country United States
79%
Country Uruguay
79%
Country Uzbekistan
79%
Country Vanuatu
79%
Country Venezuela
79%
Country Vietnam
79%
Country Vietnam
79%
Country Zambia
79%
Country Afghanistan
78%
Country Afghanistan
78%
Country Albania
78%
Country Albania
78%
Country Albania
78%
Country Algeria
78%
Country Angola
78%
Country Belarus
78%
Country Cambodia
78%
Country Central African Republic
78%
Country Colombia
78%
Country Costa Rica
78%
Country Democratic Republicof the Congo
78%
Country Denmark
78%
Country Ecuador
78%
Country Ecuador
78%
Country Ethiopia
78%
Country Federated States of Micronesia
78%
Country France
78%
Country Germany
78%
Country Germany
78%
Country Greece
78%
Country Guatemala
78%
Country Haiti
78%
Country Haiti
78%
Country Honduras
78%
Country Hungary
78%
Country Hungary
78%
Country India
78%
Country Iran
78%
Country Ireland
78%
Country Italy
78%
Country Italy
78%
Country Jordan
78%
Country Kenya
78%
Country Kiribati
78%
Country Laos
78%
Country Latvia
78%
Country Libya
78%
Country Libya
78%
Country Lithuania
78%
Country Lithuania
78%
Country Lithuania
78%
Country Luxembourg
78%
Country Luxembourg
78%
Country Luxembourg
78%
Country Malaysia
78%
Country Malaysia
78%
Country Mali
78%
Country Morocco
78%
Country Morocco
78%
Country Mozambique
78%
Country Myanmar
78%
Country Namibia
78%
Country Namibia
78%
Country Netherlands
78%
Country Nicaragua
78%
Country Niger
78%
Country Nigeria
78%
Country Nigeria
78%
Country Nigeria
78%
Country Pakistan
78%
Country Papua New Guinea
78%
Country Paraguay
78%
Country Paraguay
78%
Country Peru
78%
Country Republic of the Congo
78%
Country Rwanda
78%
Country Samoa
78%
Country Saudi Arabia
78%
Country Saudi Arabia
78%
Country Serbia
78%
Country Serbia
78%
Country Serbia
78%
Country Sudan
78%
Country Sweden
78%
Country Sweden
78%
Country Sweden
78%
Country Syria
78%
Country Taiwan
78%
Country Taiwan
78%
Country Thailand
78%
Country Tunisia
78%
Country Turkey
78%
Country Turkey
78%
Country Turkmenistan
78%
Country Turkmenistan
78%
Country Turkmenistan
78%
Country Uganda
78%
Country Uganda
78%
Country Ukraine
78%
Country Uzbekistan
78%
Country Uzbekistan
78%
Country Venezuela
78%
Country Venezuela
78%
Country Yemen
78%
Country Yemen
78%
Country Zambia
78%
Country Afghanistan
77%
Country Afghanistan
77%
Country Albania
77%
Country Algeria
77%
Country Algeria
77%
Country Algeria
77%
Country Andorra
77%
Country Austria
77%
Country Austria
77%
Country Bangladesh
77%
Country Bangladesh
77%
Country Bangladesh
77%
Country Bhutan
77%
Country Bolivia
77%
Country Bolivia
77%
Country Bosnia and Herzegovina
77%
Country Botswana
77%
Country Cambodia
77%
Country Central African Republic
77%
Country Chad
77%
Country Chad
77%
Country Colombia
77%
Country Croatia
77%
Country Czech Republic
77%
Country Czech Republic
77%
Country Denmark
77%
Country Fiji
77%
Country France
77%
Country France
77%
Country Ghana
77%
Country Ghana
77%
Country Guyana
77%
Country Hungary
77%
Country Iran
77%
Country Iraq
77%
Country Iraq
77%
Country Ireland
77%
Country Italy
77%
Country Italy
77%
Country Italy
77%
Country Japan
77%
Country Kazakhstan
77%
Country Kazakhstan
77%
Country Kosovo
77%
Country Laos
77%
Country Laos
77%
Country Latvia
77%
Country Lesotho
77%
Country Libya
77%
Country Malaysia
77%
Country Malaysia
77%
Country Marshall Islands
77%
Country Moldova
77%
Country Morocco
77%
Country Morocco
77%
Country Myanmar
77%
Country Niger
77%
Country Norway
77%
Country Oman
77%
Country Oman
77%
Country Pakistan
77%
Country Paraguay
77%
Country Poland
77%
Country Poland
77%
Country Republicof the Congo
77%
Country Romania
77%
Country Rwanda
77%
Country Samoa
77%
Country Saudi Arabia
77%
Country Senegal
77%
Country Slovenia
77%
Country Somalia
77%
Country Sudan
77%
Country Sudan
77%
Country Suriname
77%
Country Sweden
77%
Country Switzerland
77%
Country Syria
77%
Country Tajikistan
77%
Country Tanzania
77%
Country Turkey
77%
Country Turkey
77%
Country Turkmenistan
77%
Country Tuvalu
77%
Country United Kingdom
77%
Country United States
77%
Country Uzbekistan
77%
Country Vietnam
77%
Country Yemen
77%
Country Zambia
77%
Country Zimbabwe
77%
Country Algeria
76%
Country Algeria
76%
Country Angola
76%
Country Austria
76%
Country Bangladesh
76%
Country Bangladesh
76%
Country Belarus
76%
Country Bolivia
76%
Country Bosnia and Herzegovina
76%
Country Bulgaria
76%
Country Cambodia
76%
Country Chile
76%
Country Colombia
76%
Country Croatia
76%
Country Dominican Republic
76%
Country Dominican Republic
76%
Country Estonia
76%
Country Estonia
76%
Country Estonia
76%
Country Eswatini
76%
Country France
76%
Country France
76%
Country Germany
76%
Country Germany
76%
Country Ghana
76%
Country Ghana
76%
Country Guatemala
76%
Country Honduras
76%
Country Hungary
76%
Country Iceland
76%
Country Iran
76%
Country Iraq
76%
Country Ireland
76%
Country Israel
76%
Country Italy
76%
Country Jamaica
76%
Country Jamaica
76%
Country Kazakhstan
76%
Country Kenya
76%
Country Kosovo
76%
Country Kyrgyzstan
76%
Country Libya
76%
Country Lithuania
76%
Country Luxembourg
76%
Country Luxembourg
76%
Country Malaysia
76%
Country Malaysia
76%
Country Mali
76%
Country Mali
76%
Country Mali
76%
Country Mongolia
76%
Country Morocco
76%
Country Morocco
76%
Country Myanmar
76%
Country Namibia
76%
Country Nepal
76%
Country Nepal
76%
Country Netherlands
76%
Country Nicaragua
76%
Country Nigeria
76%
Country North Macedonia
76%
Country North Macedonia
76%
Country Pakistan
76%
Country Pakistan
76%
Country Panama
76%
Country Paraguay
76%
Country Peru
76%
Country Peru
76%
Country Philippines
76%
Country Poland
76%
Country Romania
76%
Country Romania
76%
Country Romania
76%
Country Romania
76%
Country Samoa
76%
Country Serbia
76%
Country Slovakia
76%
Country Slovenia
76%
Country Solomon Islands
76%
Country Solomon Islands
76%
Country Somalia
76%
Country South Africa
76%
Country South Korea
76%
Country South Korea
76%
Country Sudan
76%
Country Suriname
76%
Country Sweden
76%
Country Switzerland
76%
Country Switzerland
76%
Country Tajikistan
76%
Country Tajikistan
76%
Country Tunisia
76%
Country Turkey
76%
Country Turkey
76%
Country Ukraine
76%
Country United Arab Emirates
76%
Country United States
76%
Country Uruguay
76%
Country Vanuatu
76%
Country Vanuatu
76%
Country Yemen
76%
Country Yemen
76%
Country Afghanistan
75%
Country Afghanistan
75%
Country Albania
75%
Country Algeria
75%
Country Algeria
75%
Country Angola
75%
Country Austria
75%
Country Austria
75%
Country Bahamas
75%
Country Bahamas
75%
Country Belgium
75%
Country Belize
75%
Country Bosnia and Herzegovina
75%
Country Botswana
75%
Country Brazil
75%
Country Bulgaria
75%
Country Cambodia
75%
Country Cambodia
75%
Country Cambodia
75%
Country Chad
75%
Country Chile
75%
Country Costa Rica
75%
Country Costa Rica
75%
Country Croatia
75%
Country Croatia
75%
Country Czech Republic
75%
Country Democratic Republicof the Congo
75%
Country Denmark
75%
Country El Salvador
75%
Country Federated States of Micronesia
75%
Country Federated States of Micronesia
75%
Country Finland
75%
Country France
75%
Country Guatemala
75%
Country Iran
75%
Country Iran
75%
Country Iran
75%
Country Iraq
75%
Country Iraq
75%
Country Ireland
75%
Country Israel
75%
Country Jamaica
75%
Country Jordan
75%
Country Jordan
75%
Country Kenya
75%
Country Kenya
75%
Country Kenya
75%
Country Kosovo
75%
Country Kyrgyzstan
75%
Country Latvia
75%
Country Libya
75%
Country Libya
75%
Country Luxembourg
75%
Country Mali
75%
Country Mali
75%
Country Marshall Islands
75%
Country Mauritania
75%
Country Mauritania
75%
Country Myanmar
75%
Country Myanmar
75%
Country Myanmar
75%
Country Myanmar
75%
Country Namibia
75%
Country Nauru
75%
Country Nauru
75%
Country Niger
75%
Country North Korea
75%
Country North Macedonia
75%
Country Norway
75%
Country Oman
75%
Country Oman
75%
Country Panama
75%
Country Paraguay
75%
Country Philippines
75%
Country Philippines
75%
Country Poland
75%
Country Poland
75%
Country Republic of the Congo
75%
Country Romania
75%
Country Rwanda
75%
Country Serbia
75%
Country Singapore
75%
Country Solomon Islands
75%
Country South Africa
75%
Country South Sudan
75%
Country South Sudan
75%
Country Spain
75%
Country Sri Lanka
75%
Country Sudan
75%
Country Sudan
75%
Country Sudan
75%
Country Sudan
75%
Country Sudan
75%
Country Switzerland
75%
Country Tajikistan
75%
Country Tanzania
75%
Country Thailand
75%
Country Thailand
75%
Country Togo
75%
Country Turkmenistan
75%
Country Turkmenistan
75%
Country Tuvalu
75%
Country Uganda
75%
Country United Arab Emirates
75%
Country Uzbekistan
75%
Country Uzbekistan
75%
Country Venezuela
75%
Country Zambia
75%
Country Afghanistan
74%
Country Albania
74%
Country Algeria
74%
Country Algeria
74%
Country Algeria
74%
Country Australia
74%
Country Austria
74%
Country Bangladesh
74%
Country Bhutan
74%
Country Bulgaria
74%
Country Cambodia
74%
Country Cambodia
74%
Country Cambodia
74%
Country Canada
74%
Country Central African Republic
74%
Country Central African Republic
74%
Country Central African Republic
74%
Country Chad
74%
Country Chad
74%
Country Chad
74%
Country Croatia
74%
Country Czech Republic
74%
Country Czech Republic
74%
Country Democratic Republicof the Congo
74%
Country Democratic Republic of the Congo
74%
Country Denmark
74%
Country Ecuador
74%
Country Ethiopia
74%
Country Federated States of Micronesia
74%
Country France
74%
Country Georgia
74%
Country Ghana
74%
Country Guyana
74%
Country Haiti
74%
Country Haiti
74%
Country Haiti
74%
Country Honduras
74%
Country Honduras
74%
Country Hungary
74%
Country Iran
74%
Country Iran
74%
Country Iraq
74%
Country Ireland
74%
Country Kiribati
74%
Country Kyrgyzstan
74%
Country Kyrgyzstan
74%
Country Libya
74%
Country Libya
74%
Country Libya
74%
Country Luxembourg
74%
Country Luxembourg
74%
Country Madagascar
74%
Country Malawi
74%
Country Malaysia
74%
Country Mali
74%
Country Mali
74%
Country Montenegro
74%
Country Myanmar
74%
Country Myanmar
74%
Country Nicaragua
74%
Country Niger
74%
Country North Macedonia
74%
Country Pakistan
74%
Country Pakistan
74%
Country Palau
74%
Country Peru
74%
Country Philippines
74%
Country Philippines
74%
Country Poland
74%
Country Qatar
74%
Country Qatar
74%
Country Romania
74%
Country Samoa
74%
Country Senegal
74%
Country Serbia
74%
Country Singapore
74%
Country Slovakia
74%
Country Spain
74%
Country Sudan
74%
Country Sudan
74%
Country Sudan
74%
Country Sudan
74%
Country Suriname
74%
Country Sweden
74%
Country Switzerland
74%
Country Switzerland
74%
Country Taiwan
74%
Country Tajikistan
74%
Country Tajikistan
74%
Country Togo
74%
Country Tunisia
74%
Country Turkey
74%
Country Turkey
74%
Country Tuvalu
74%
Country Ukraine
74%
Country Ukraine
74%
Country United States
74%
Country United States
74%
Country Uruguay
74%
Country Uzbekistan
74%
Country Uzbekistan
74%
Country Venezuela
74%
Country Albania
73%
Country Andorra
73%
Country Angola
73%
Country Bahamas
73%
Country Bangladesh
73%
Country Belarus
73%
Country Belize
73%
Country Bolivia
73%
Country Bosnia and Herzegovina
73%
Country Bulgaria
73%
Country Bulgaria
73%
Country Cambodia
73%
Country Central African Republic
73%
Country Central African Republic
73%
Country Chad
73%
Country Chad
73%
Country Chad
73%
Country Chad
73%
Country Colombia
73%
Country Croatia
73%
Country Ecuador
73%
Country Egypt
73%
Country El Salvador
73%
Country Ethiopia
73%
Country France
73%
Country Germany
73%
Country Guatemala
73%
Country Guyana
73%
Country Hungary
73%
Country Iran
73%
Country Israel
73%
Country Israel
73%
Country Italy
73%
Country Ivory Coast
73%
Country Jamaica
73%
Country Jordan
73%
Country Kenya
73%
Country Kosovo
73%
Country Kuwait
73%
Country Lesotho
73%
Country Libya
73%
Country Mali
73%
Country Moldova
73%
Country Mongolia
73%
Country Montenegro
73%
Country Montenegro
73%
Country Mozambique
73%
Country Namibia
73%
Country Nauru
73%
Country Nicaragua
73%
Country North Korea
73%
Country Norway
73%
Country Pakistan
73%
Country Palau
73%
Country Palau
73%
Country Panama
73%
Country Poland
73%
Country Republicof the Congo
73%
Country Republic of the Congo
73%
Country Romania
73%
Country Romania
73%
Country Senegal
73%
Country Serbia
73%
Country Singapore
73%
Country Slovakia
73%
Country Solomon Islands
73%
Country Somalia
73%
Country South Africa
73%
Country South Korea
73%
Country South Sudan
73%
Country South Sudan
73%
Country Sri Lanka
73%
Country Sri Lanka
73%
Country Sudan
73%
Country Sudan
73%
Country Suriname
73%
Country Suriname
73%
Country Switzerland
73%
Country Switzerland
73%
Country Tajikistan
73%
Country Tanzania
73%
Country Togo
73%
Country Turkey
73%
Country Turkmenistan
73%
Country Turkmenistan
73%
Country Tuvalu
73%
Country Ukraine
73%
Country Yemen
73%
Country Afghanistan
72%
Country Algeria
72%
Country Andorra
72%
Country Armenia
72%
Country Austria
72%
Country Azerbaijan
72%
Country Bahamas
72%
Country Belarus
72%
Country Benin
72%
Country Bhutan
72%
Country Bulgaria
72%
Country Bulgaria
72%
Country Costa Rica
72%
Country Croatia
72%
Country Czech Republic
72%
Country Czech Republic
72%
Country Denmark
72%
Country Ecuador
72%
Country Ecuador
72%
Country Estonia
72%
Country Eswatini
72%
Country Federated States of Micronesia
72%
Country Finland
72%
Country France
72%
Country France
72%
Country Ghana
72%
Country Guatemala
72%
Country Guyana
72%
Country Guyana
72%
Country Honduras
72%
Country Hungary
72%
Country India
72%
Country Iran
72%
Country Iran
72%
Country Iraq
72%
Country Iraq
72%
Country Iraq
72%
Country Ireland
72%
Country Italy
72%
Country Ivory Coast
72%
Country Japan
72%
Country Jordan
72%
Country Latvia
72%
Country Latvia
72%
Country Latvia
72%
Country Lesotho
72%
Country Lithuania
72%
Country Madagascar
72%
Country Mali
72%
Country Malta
72%
Country Marshall Islands
72%
Country Marshall Islands
72%
Country Nepal
72%
Country Niger
72%
Country Panama
72%
Country Republic of the Congo
72%
Country Romania
72%
Country Romania
72%
Country Samoa
72%
Country Serbia
72%
Country Sierra Leone
72%
Country Singapore
72%
Country Slovenia
72%
Country Somalia
72%
Country South Korea
72%
Country Sri Lanka
72%
Country Sri Lanka
72%
Country Sudan
72%
Country Sudan
72%
Country Sudan
72%
Country Suriname
72%
Country Tajikistan
72%
Country Tonga
72%
Country Turkey
72%
Country Turkey
72%
Country Turkmenistan
72%
Country Ukraine
72%
Country Uruguay
72%
Country Uruguay
72%
Country Uzbekistan
72%
Country Uzbekistan
72%
Country Vanuatu
72%
Country Vanuatu
72%
Country Venezuela
72%
Country Afghanistan
71%
Country Albania
71%
Country Algeria
71%
Country Australia
71%
Country Belize
71%
Country Bosnia and Herzegovina
71%
Country Bosnia and Herzegovina
71%
Country Botswana
71%
Country Brazil
71%
Country Cambodia
71%
Country Cameroon
71%
Country Central African Republic
71%
Country Chad
71%
Country Chad
71%
Country Croatia
71%
Country Czech Republic
71%
Country Czech Republic
71%
Country Dominican Republic
71%
Country Eritrea
71%
Country Estonia
71%
Country Estonia
71%
Country Ethiopia
71%
Country Ethiopia
71%
Country Ethiopia
71%
Country Ethiopia
71%
Country France
71%
Country Germany
71%
Country Ghana
71%
Country Ghana
71%
Country Guyana
71%
Country Hungary
71%
Country Iceland
71%
Country Iran
71%
Country Iran
71%
Country Iraq
71%
Country Israel
71%
Country Jordan
71%
Country Jordan
71%
Country Kazakhstan
71%
Country Kenya
71%
Country Kiribati
71%
Country Kiribati
71%
Country Kosovo
71%
Country Lebanon
71%
Country Lebanon
71%
Country Libya
71%
Country Libya
71%
Country Libya
71%
Country Lithuania
71%
Country Luxembourg
71%
Country Maldives
71%
Country Mauritania
71%
Country Mauritania
71%
Country Montenegro
71%
Country Myanmar
71%
Country Nauru
71%
Country Nicaragua
71%
Country Niger
71%
Country Niger
71%
Country Nigeria
71%
Country Nigeria
71%
Country North Macedonia
71%
Country North Macedonia
71%
Country Oman
71%
Country Palau
71%
Country Panama
71%
Country Panama
71%
Country Philippines
71%
Country Philippines
71%
Country Philippines
71%
Country Philippines
71%
Country Republicof the Congo
71%
Country Romania
71%
Country Romania
71%
Country Romania
71%
Country Rwanda
71%
Country Rwanda
71%
Country Saudi Arabia
71%
Country Saudi Arabia
71%
Country Singapore
71%
Country Slovakia
71%
Country Somalia
71%
Country South Sudan
71%
Country Sri Lanka
71%
Country Sudan
71%
Country Sudan
71%
Country Syria
71%
Country Taiwan
71%
Country Tanzania
71%
Country Togo
71%
Country Tunisia
71%
Country Turkmenistan
71%
Country Tuvalu
71%
Country Uganda
71%
Country Uganda
71%
Country Uzbekistan
71%
Country Albania
70%
Country Algeria
70%
Country Algeria
70%
Country Austria
70%
Country Austria
70%
Country Bahamas
70%
Country Bahrain
70%
Country Benin
70%
Country Bhutan
70%
Country Bosnia and Herzegovina
70%
Country Bosnia and Herzegovina
70%
Country Bosnia and Herzegovina
70%
Country Burkina Faso
70%
Country Cameroon
70%
Country Czech Republic
70%
Country Democratic Republic of the Congo
70%
Country Ecuador
70%
Country Ecuador
70%
Country El Salvador
70%
Country El Salvador
70%
Country Estonia
70%
Country Ethiopia
70%
Country France
70%
Country Iran
70%
Country Iran
70%
Country Iraq
70%
Country Iraq
70%
Country Israel
70%
Country Ivory Coast
70%
Country Kenya
70%
Country Kiribati
70%
Country Kosovo
70%
Country Kosovo
70%
Country Kuwait
70%
Country Kyrgyzstan
70%
Country Kyrgyzstan
70%
Country Latvia
70%
Country Libya
70%
Country Libya
70%
Country Libya
70%
Country Lithuania
70%
Country Moldova
70%
Country Monaco
70%
Country Mongolia
70%
Country Montenegro
70%
Country Montenegro
70%
Country Mozambique
70%
Country Nauru
70%
Country Niger
70%
Country Niger
70%
Country Niger
70%
Country North Korea
70%
Country Oman
70%
Country Panama
70%
Country Peru
70%
Country Philippines
70%
Country Qatar
70%
Country Qatar
70%
Country Republic of the Congo
70%
Country Romania
70%
Country Samoa
70%
Country Saudi Arabia
70%
Country Saudi Arabia
70%
Country Slovakia
70%
Country Slovakia
70%
Country Slovakia
70%
Country Slovenia
70%
Country South Korea
70%
Country South Sudan
70%
Country South Sudan
70%
Country Sri Lanka
70%
Country Syria
70%
Country Syria
70%
Country Tajikistan
70%
Country Tanzania
70%
Country Tanzania
70%
Country Tonga
70%
Country Tunisia
70%
Country Tunisia
70%
Country Turkmenistan
70%
Country Uganda
70%
Country United Arab Emirates
70%
Country United Kingdom
70%
Country Uruguay
70%
Country Venezuela
70%
Country Vietnam
70%
Country Zambia
70%
Country Afghanistan
69%
Country Algeria
69%
Country Andorra
69%
Country Armenia
69%
Country Bahamas
69%
Country Belarus
69%
Country Belize
69%
Country Benin
69%
Country Benin
69%
Country Bhutan
69%
Country Bolivia
69%
Country Cameroon
69%
Country Central African Republic
69%
Country Colombia
69%
Country Croatia
69%
Country Ethiopia
69%
Country Ethiopia
69%
Country Federated States of Micronesia
69%
Country France
69%
Country France
69%
Country France
69%
Country Gambia
69%
Country Guinea
69%
Country Guinea
69%
Country Guyana
69%
Country Hungary
69%
Country Hungary
69%
Country Indonesia
69%
Country Iran
69%
Country Ireland
69%
Country Ivory Coast
69%
Country Ivory Coast
69%
Country Kuwait
69%
Country Kyrgyzstan
69%
Country Kyrgyzstan
69%
Country Kyrgyzstan
69%
Country Lesotho
69%
Country Maldives
69%
Country Mali
69%
Country Mali
69%
Country Marshall Islands
69%
Country Marshall Islands
69%
Country Mauritania
69%
Country Mauritania
69%
Country Mauritania
69%
Country Montenegro
69%
Country Montenegro
69%
Country Mozambique
69%
Country Niger
69%
Country Nigeria
69%
Country Oman
69%
Country Panama
69%
Country Philippines
69%
Country Philippines
69%
Country Philippines
69%
Country Saudi Arabia
69%
Country Saudi Arabia
69%
Country Serbia
69%
Country Serbia
69%
Country Singapore
69%
Country Singapore
69%
Country Singapore
69%
Country Slovakia
69%
Country Slovenia
69%
Country Slovenia
69%
Country Somalia
69%
Country South Sudan
69%
Country South Sudan
69%
Country Spain
69%
Country Spain
69%
Country Sri Lanka
69%
Country Sudan
69%
Country Sudan
69%
Country Suriname
69%
Country Syria
69%
Country Togo
69%
Country Tonga
69%
Country Turkey
69%
Country Turkmenistan
69%
Country Vatican City
69%
Country Yemen
69%
Country Zambia
69%
Country Zimbabwe
69%
Country Afghanistan
68%
Country Austria
68%
Country Austria
68%
Country Austria
68%
Country Azerbaijan
68%
Country Belize
68%
Country Belize
68%
Country Benin
68%
Country Botswana
68%
Country Burundi
68%
Country Cameroon
68%
Country Cameroon
68%
Country Central African Republic
68%
Country Chad
68%
Country Chad
68%
Country Chad
68%
Country Colombia
68%
Country Croatia
68%
Country Croatia
68%
Country Czech Republic
68%
Country Georgia
68%
Country Hungary
68%
Country Hungary
68%
Country Hungary
68%
Country Hungary
68%
Country Indonesia
68%
Country Israel
68%
Country Italy
68%
Country Kenya
68%
Country Kosovo
68%
Country Kuwait
68%
Country Latvia
68%
Country Lesotho
68%
Country Liberia
68%
Country Lithuania
68%
Country Malawi
68%
Country Mali
68%
Country Mali
68%
Country Mauritania
68%
Country Mauritania
68%
Country Moldova
68%
Country Monaco
68%
Country Myanmar
68%
Country Namibia
68%
Country Nauru
68%
Country Pakistan
68%
Country Palau
68%
Country Philippines
68%
Country Philippines
68%
Country Philippines
68%
Country Philippines
68%
Country Romania
68%
Country Serbia
68%
Country Sierra Leone
68%
Country Slovakia
68%
Country Slovakia
68%
Country Slovakia
68%
Country Solomon Islands
68%
Country Sudan
68%
Country Sweden
68%
Country Switzerland
68%
Country Tajikistan
68%
Country Tanzania
68%
Country Tunisia
68%
Country Turkey
68%
Country Turkey
68%
Country Turkey
68%
Country Turkey
68%
Country Tuvalu
68%
Country Ukraine
68%
Country Ukraine
68%
Country Ukraine
68%
Country United Arab Emirates
68%
Country Uzbekistan
68%
Country Vanuatu
68%
Country Vietnam
68%
Country Yemen
68%
Country Yemen
68%
Country Angola
67%
Country Armenia
67%
Country Australia
67%
Country Austria
67%
Country Austria
67%
Country Azerbaijan
67%
Country Azerbaijan
67%
Country Bahrain
67%
Country Bangladesh
67%
Country Bangladesh
67%
Country Benin
67%
Country Bulgaria
67%
Country Bulgaria
67%
Country Bulgaria
67%
Country Burkina Faso
67%
Country Burkina Faso
67%
Country Cambodia
67%
Country Cameroon
67%
Country Central African Republic
67%
Country Chad
67%
Country Chad
67%
Country Croatia
67%
Country Croatia
67%
Country Croatia
67%
Country Democratic Republic of the Congo
67%
Country El Salvador
67%
Country El Salvador
67%
Country Ethiopia
67%
Country France
67%
Country France
67%
Country Gambia
67%
Country Gambia
67%
Country Georgia
67%
Country Georgia
67%
Country Ghana
67%
Country Ghana
67%
Country Guinea
67%
Country Hungary
67%
Country Indonesia
67%
Country Indonesia
67%
Country Iraq
67%
Country Jordan
67%
Country Kyrgyzstan
67%
Country Kyrgyzstan
67%
Country Latvia
67%
Country Lesotho
67%
Country Lesotho
67%
Country Madagascar
67%
Country Malta
67%
Country Moldova
67%
Country Moldova
67%
Country Mozambique
67%
Country Nepal
67%
Country Nicaragua
67%
Country Nigeria
67%
Country Oman
67%
Country Oman
67%
Country Pakistan
67%
Country Pakistan
67%
Country Peru
67%
Country Philippines
67%
Country Poland
67%
Country Poland
67%
Country Romania
67%
Country Rwanda
67%
Country Saudi Arabia
67%
Country Slovakia
67%
Country Slovenia
67%
Country Somalia
67%
Country Somalia
67%
Country Somalia
67%
Country Somalia
67%
Country South Africa
67%
Country South Africa
67%
Country Syria
67%
Country Taiwan
67%
Country Tajikistan
67%
Country Togo
67%
Country Tunisia
67%
Country Turkey
67%
Country Turkmenistan
67%
Country United Arab Emirates
67%
Country Venezuela
67%
Country Vietnam
67%
Country Zimbabwe
67%
Country Albania
66%
Country Albania
66%
Country Armenia
66%
Country Bhutan
66%
Country Bolivia
66%
Country Brazil
66%
Country Burkina Faso
66%
Country Burundi
66%
Country Burundi
66%
Country Chad
66%
Country China
66%
Country China
66%
Country Croatia
66%
Country Democratic Republicof the Congo
66%
Country Democratic Republic of the Congo
66%
Country East Timor
66%
Country Ecuador
66%
Country Eritrea
66%
Country Estonia
66%
Country Ethiopia
66%
Country Ethiopia
66%
Country Ethiopia
66%
Country France
66%
Country Gabon
66%
Country Georgia
66%
Country Georgia
66%
Country Greece
66%
Country Guinea
66%
Country Guinea
66%
Country Hungary
66%
Country Hungary
66%
Country Hungary
66%
Country Iraq
66%
Country Italy
66%
Country Ivory Coast
66%
Country Ivory Coast
66%
Country Jordan
66%
Country Kiribati
66%
Country Kosovo
66%
Country Kuwait
66%
Country Kyrgyzstan
66%
Country Lebanon
66%
Country Lesotho
66%
Country Liberia
66%
Country Libya
66%
Country Libya
66%
Country Lithuania
66%
Country Maldives
66%
Country Malta
66%
Country Mauritania
66%
Country Moldova
66%
Country Namibia
66%
Country Nicaragua
66%
Country Nigeria
66%
Country North Korea
66%
Country North Macedonia
66%
Country Pakistan
66%
Country Panama
66%
Country Romania
66%
Country Romania
66%
Country Rwanda
66%
Country Senegal
66%
Country Senegal
66%
Country Sierra Leone
66%
Country South Sudan
66%
Country South Sudan
66%
Country Spain
66%
Country Sudan
66%
Country Suriname
66%
Country Sweden
66%
Country Switzerland
66%
Country Syria
66%
Country Tanzania
66%
Country Tanzania
66%
Country Tunisia
66%
Country Turkey
66%
Country Uganda
66%
Country Ukraine
66%
Country Vatican City
66%
Country Zambia
66%
Country Zimbabwe
66%
Country Afghanistan
65%
Country Angola
65%
Country Armenia
65%
Country Azerbaijan
65%
Country Azerbaijan
65%
Country Azerbaijan
65%
Country Bosnia and Herzegovina
65%
Country Botswana
65%
Country Botswana
65%
Country Brunei
65%
Country Cameroon
65%
Country Cameroon
65%
Country Cameroon
65%
Country Cameroon
65%
Country Central African Republic
65%
Country Chad
65%
Country Colombia
65%
Country Costa Rica
65%
Country Cuba
65%
Country Czech Republic
65%
Country Czech Republic
65%
Country Democratic Republic of the Congo
65%
Country Djibouti
65%
Country East Timor
65%
Country Eritrea
65%
Country Eritrea
65%
Country Ethiopia
65%
Country Ethiopia
65%
Country Gabon
65%
Country Georgia
65%
Country Ghana
65%
Country Ghana
65%
Country Guyana
65%
Country Hungary
65%
Country Hungary
65%
Country Hungary
65%
Country India
65%
Country Iran
65%
Country Ireland
65%
Country Kazakhstan
65%
Country Kosovo
65%
Country Kuwait
65%
Country Lebanon
65%
Country Lithuania
65%
Country Madagascar
65%
Country Malawi
65%
Country Mauritania
65%
Country Monaco
65%
Country Montenegro
65%
Country Namibia
65%
Country Oman
65%
Country Panama
65%
Country Philippines
65%
Country Philippines
65%
Country Qatar
65%
Country Sierra Leone
65%
Country Slovakia
65%
Country Slovenia
65%
Country South Korea
65%
Country Sudan
65%
Country Tanzania
65%
Country Tanzania
65%
Country Tanzania
65%
Country Zambia
65%
Country Zambia
65%
Country Afghanistan
64%
Country Algeria
64%
Country Armenia
64%
Country Azerbaijan
64%
Country Bahrain
64%
Country Bangladesh
64%
Country Bhutan
64%
Country Bosnia and Herzegovina
64%
Country Bulgaria
64%
Country Burundi
64%
Country Cambodia
64%
Country Cambodia
64%
Country Cyprus
64%
Country Czech Republic
64%
Country Ecuador
64%
Country Eritrea
64%
Country Eswatini
64%
Country Eswatini
64%
Country Georgia
64%
Country Ghana
64%
Country Greece
64%
Country Greece
64%
Country Guinea-Bissau
64%
Country Guinea-Bissau
64%
Country Indonesia
64%
Country Iran
64%
Country Iran
64%
Country Iraq
64%
Country Iraq
64%
Country Israel
64%
Country Israel
64%
Country Jamaica
64%
Country Malawi
64%
Country Mauritania
64%
Country Mauritania
64%
Country Montenegro
64%
Country Namibia
64%
Country New Zealand
64%
Country Nicaragua
64%
Country Niger
64%
Country Nigeria
64%
Country Norway
64%
Country Philippines
64%
Country Senegal
64%
Country Serbia
64%
Country Slovakia
64%
Country Slovakia
64%
Country Slovakia
64%
Country Slovakia
64%
Country Slovakia
64%
Country Slovenia
64%
Country Slovenia
64%
Country South Sudan
64%
Country South Sudan
64%
Country Taiwan
64%
Country Turkey
64%
Country Uganda
64%
Country United Arab Emirates
64%
Country Venezuela
64%
Country Austria
63%
Country Bahrain
63%
Country Bangladesh
63%
Country Bolivia
63%
Country Bosnia and Herzegovina
63%
Country Botswana
63%
Country Bulgaria
63%
Country Burkina Faso
63%
Country Burundi
63%
Country Chad
63%
Country Costa Rica
63%
Country Cyprus
63%
Country Czech Republic
63%
Country Equatorial Guinea
63%
Country Eritrea
63%
Country Eritrea
63%
Country Estonia
63%
Country Eswatini
63%
Country Ethiopia
63%
Country France
63%
Country Gabon
63%
Country Gabon
63%
Country Hungary
63%
Country Hungary
63%
Country Jordan
63%
Country Kenya
63%
Country Kuwait
63%
Country Kyrgyzstan
63%
Country Kyrgyzstan
63%
Country Liberia
63%
Country Malta
63%
Country Malta
63%
Country Monaco
63%
Country Montenegro
63%
Country Mozambique
63%
Country Myanmar
63%
Country Nepal
63%
Country Nicaragua
63%
Country North Macedonia
63%
Country Pakistan
63%
Country Panama
63%
Country Panama
63%
Country Qatar
63%
Country Romania
63%
Country Rwanda
63%
Country Rwanda
63%
Country San Marino
63%
Country Serbia
63%
Country Slovakia
63%
Country Slovenia
63%
Country Somalia
63%
Country South Sudan
63%
Country Switzerland
63%
Country Togo
63%
Country Turkey
63%
Country Zimbabwe
63%
Country Angola
62%
Country Angola
62%
Country Austria
62%
Country Azerbaijan
62%
Country Bahrain
62%
Country Bosnia and Herzegovina
62%
Country Brunei
62%
Country Bulgaria
62%
Country Burkina Faso
62%
Country Cameroon
62%
Country Colombia
62%
Country Croatia
62%
Country Croatia
62%
Country Czech Republic
62%
Country France
62%
Country Gabon
62%
Country Guinea
62%
Country Honduras
62%
Country Hungary
62%
Country Hungary
62%
Country Ivory Coast
62%
Country Kuwait
62%
Country Lebanon
62%
Country Mali
62%
Country Mauritania
62%
Country Mauritania
62%
Country Moldova
62%
Country Nigeria
62%
Country North Korea
62%
Country Norway
62%
Country Oman
62%
Country Oman
62%
Country Panama
62%
Country Qatar
62%
Country Rwanda
62%
Country Serbia
62%
Country Serbia
62%
Country Serbia
62%
Country Slovakia
62%
Country Slovenia
62%
Country Spain
62%
Country Syria
62%
Country Syria
62%
Country Tanzania
62%
Country Tanzania
62%
Country Tanzania
62%
Country Uganda
62%
Country Ukraine
62%
Country Uzbekistan
62%
Country Vatican City
62%
Country Andorra
61%
Country Angola
61%
Country Angola
61%
Country Armenia
61%
Country Bangladesh
61%
Country Brunei
61%
Country Burkina Faso
61%
Country Burkina Faso
61%
Country Burundi
61%
Country Burundi
61%
Country Cameroon
61%
Country Central African Republic
61%
Country Croatia
61%
Country Croatia
61%
Country Cuba
61%
Country Dominican Republic
61%
Country Eswatini
61%
Country Ethiopia
61%
Country Georgia
61%
Country Haiti
61%
Country Indonesia
61%
Country Iran
61%
Country Iraq
61%
Country Ivory Coast
61%
Country Ivory Coast
61%
Country Kiribati
61%
Country Kosovo
61%
Country Libya
61%
Country Malawi
61%
Country Mali
61%
Country Malta
61%
Country Mauritania
61%
Country New Zealand
61%
Country Paraguay
61%
Country Slovakia
61%
Country Slovakia
61%
Country Slovenia
61%
Country Spain
61%
Country Syria
61%
Country Taiwan
61%
Country Tanzania
61%
Country Togo
61%
Country Turkey
61%
Country Uganda
61%
Country Ukraine
61%
Country Ukraine
61%
Country Ukraine
61%
Country Vietnam
61%
Country Albania
60%
Country Albania
60%
Country Andorra
60%
Country Azerbaijan
60%
Country Brunei
60%
Country Brunei
60%
Country Brunei
60%
Country Burkina Faso
60%
Country Central African Republic
60%
Country Croatia
60%
Country Cuba
60%
Country Cyprus
60%
Country Cyprus
60%
Country East Timor
60%
Country Equatorial Guinea
60%
Country Equatorial Guinea
60%
Country Eritrea
60%
Country France
60%
Country Gambia
60%
Country Ghana
60%
Country Ghana
60%
Country Guinea
60%
Country Guinea-Bissau
60%
Country Hungary
60%
Country Iran
60%
Country Iraq
60%
Country Ivory Coast
60%
Country Jordan
60%
Country Jordan
60%
Country Kenya
60%
Country Liberia
60%
Country Madagascar
60%
Country Monaco
60%
Country Mozambique
60%
Country Myanmar
60%
Country Niger
60%
Country Niger
60%
Country Nigeria
60%
Country Philippines
60%
Country Qatar
60%
Country Saudi Arabia
60%
Country Senegal
60%
Country Senegal
60%
Country South Sudan
60%
Country Sudan
60%
Country Suriname
60%
Country Syria
60%
Country Taiwan
60%
Country Tajikistan
60%
Country Tanzania
60%
Country Ukraine
60%
Country Uzbekistan
60%
Country Angola
59%
Country Austria
59%
Country Benin
59%
Country Brunei
59%
Country Burkina Faso
59%
Country Cameroon
59%
Country Central African Republic
59%
Country China
59%
Country Colombia
59%
Country Colombia
59%
Country Colombia
59%
Country Costa Rica
59%
Country Cuba
59%
Country Democratic Republicof the Congo
59%
Country Democratic Republicof the Congo
59%
Country El Salvador
59%
Country Federated States of Micronesia
59%
Country Fiji
59%
Country France
59%
Country Ghana
59%
Country Ghana
59%
Country Guinea
59%
Country Haiti
59%
Country Hungary
59%
Country Iraq
59%
Country Iraq
59%
Country Ivory Coast
59%
Country Ivory Coast
59%
Country Liberia
59%
Country Madagascar
59%
Country Malawi
59%
Country Malta
59%
Country Mauritania
59%
Country Moldova
59%
Country Monaco
59%
Country Namibia
59%
Country Niger
59%
Country Nigeria
59%
Country Nigeria
59%
Country Pakistan
59%
Country Papua New Guinea
59%
Country Paraguay
59%
Country Paraguay
59%
Country Romania
59%
Country San Marino
59%
Country Spain
59%
Country Turkey
59%
Country Turkey
59%
Country Turkey
59%
Country Vatican City
59%
Country Angola
58%
Country Austria
58%
Country Austria
58%
Country Bosnia and Herzegovina
58%
Country Bosnia and Herzegovina
58%
Country Brunei
58%
Country Burundi
58%
Country Burundi
58%
Country Cameroon
58%
Country Cameroon
58%
Country Canada
58%
Country Central African Republic
58%
Country Central African Republic
58%
Country Costa Rica
58%
Country Cyprus
58%
Country Czech Republic
58%
Country Djibouti
58%
Country Dominican Republic
58%
Country Equatorial Guinea
58%
Country Fiji
58%
Country Gabon
58%
Country Gambia
58%
Country Georgia
58%
Country Ghana
58%
Country Guyana
58%
Country Honduras
58%
Country Hungary
58%
Country Hungary
58%
Country India
58%
Country Iraq
58%
Country Israel
58%
Country Jamaica
58%
Country Kosovo
58%
Country Kuwait
58%
Country Kyrgyzstan
58%
Country Liberia
58%
Country Madagascar
58%
Country Malawi
58%
Country Malawi
58%
Country New Zealand
58%
Country North Korea
58%
Country Oman
58%
Country Panama
58%
Country Papua New Guinea
58%
Country Romania
58%
Country Samoa
58%
Country Senegal
58%
Country Sierra Leone
58%
Country Sierra Leone
58%
Country Sierra Leone
58%
Country Slovakia
58%
Country Slovenia
58%
Country Somalia
58%
Country Somalia
58%
Country South Korea
58%
Country South Sudan
58%
Country Spain
58%
Country Tanzania
58%
Country United Arab Emirates
58%
Country Yemen
58%
Country Albania
57%
Country Austria
57%
Country Botswana
57%
Country Brunei
57%
Country Burundi
57%
Country Costa Rica
57%
Country Croatia
57%
Country Croatia
57%
Country Cuba
57%
Country Cyprus
57%
Country Cyprus
57%
Country Democratic Republicof the Congo
57%
Country Djibouti
57%
Country Dominican Republic
57%
Country Gabon
57%
Country Georgia
57%
Country Georgia
57%
Country Haiti
57%
Country Haiti
57%
Country Kiribati
57%
Country Kuwait
57%
Country Lesotho
57%
Country Lesotho
57%
Country Montenegro
57%
Country North Macedonia
57%
Country Norway
57%
Country Philippines
57%
Country Romania
57%
Country Rwanda
57%
Country Saint Kitts and Nevis
57%
Country San Marino
57%
Country San Marino
57%
Country Serbia
57%
Country Slovenia
57%
Country Tuvalu
57%
Country United Arab Emirates
57%
Country Vatican City
57%
Country Vatican City
57%
Country Vatican City
57%
Country Vietnam
57%
Country Yemen
57%
Country Afghanistan
56%
Country Afghanistan
56%
Country Albania
56%
Country Angola
56%
Country Armenia
56%
Country Armenia
56%
Country Azerbaijan
56%
Country Bahrain
56%
Country Cameroon
56%
Country Costa Rica
56%
Country Croatia
56%
Country Cuba
56%
Country Democratic Republicof the Congo
56%
Country Dominican Republic
56%
Country Eritrea
56%
Country Gambia
56%
Country Guinea-Bissau
56%
Country Haiti
56%
Country India
56%
Country India
56%
Country Kazakhstan
56%
Country Kenya
56%
Country Kenya
56%
Country Kiribati
56%
Country Laos
56%
Country Liberia
56%
Country Namibia
56%
Country Nepal
56%
Country New Zealand
56%
Country Philippines
56%
Country Philippines
56%
Country Qatar
56%
Country Qatar
56%
Country Saint Lucia
56%
Country San Marino
56%
Country Serbia
56%
Country Serbia
56%
Country Somalia
56%
Country Spain
56%
Country Switzerland
56%
Country Syria
56%
Country Ukraine
56%
Country Vatican City
56%
Country Venezuela
56%
Country Zimbabwe
56%
Country Albania
55%
Country Albania
55%
Country Australia
55%
Country Azerbaijan
55%
Country Bahamas
55%
Country Barbados
55%
Country Bhutan
55%
Country Bosnia and Herzegovina
55%
Country Bosnia and Herzegovina
55%
Country Bulgaria
55%
Country Burkina Faso
55%
Country Comoros
55%
Country Costa Rica
55%
Country Dominica
55%
Country Dominica
55%
Country Dominican Republic
55%
Country East Timor
55%
Country Ethiopia
55%
Country Ethiopia
55%
Country Fiji
55%
Country Fiji
55%
Country Gabon
55%
Country Gabon
55%
Country Guinea-Bissau
55%
Country Jamaica
55%
Country Kosovo
55%
Country Laos
55%
Country Liberia
55%
Country Malawi
55%
Country Malta
55%
Country Marshall Islands
55%
Country Mauritania
55%
Country Mozambique
55%
Country Mozambique
55%
Country Nauru
55%
Country Nicaragua
55%
Country Nigeria
55%
Country Oman
55%
Country Oman
55%
Country Palau
55%
Country Philippines
55%
Country Qatar
55%
Country Saint Kitts and Nevis
55%
Country Saint Kitts and Nevis
55%
Country Saint Lucia
55%
Country Saint Vincent and theGrenadines
55%
Country Samoa
55%
Country Samoa
55%
Country Sierra Leone
55%
Country Slovakia
55%
Country Solomon Islands
55%
Country Spain
55%
Country Sudan
55%
Country Syria
55%
Country Syria
55%
Country Tanzania
55%
Country Togo
55%
Country Togo
55%
Country Tonga
55%
Country Tuvalu
55%
Country Vanuatu
55%
Country Zambia
55%
Country Albania
54%
Country Angola
54%
Country Angola
54%
Country Austria
54%
Country Bahamas
54%
Country Bahamas
54%
Country Benin
54%
Country Bosnia and Herzegovina
54%
Country Botswana
54%
Country Bulgaria
54%
Country Burkina Faso
54%
Country Burkina Faso
54%
Country Burundi
54%
Country Cameroon
54%
Country Cameroon
54%
Country Cape Verde
54%
Country Cape Verde
54%
Country Dominica
54%
Country Dominica
54%
Country Eswatini
54%
Country Ethiopia
54%
Country Ethiopia
54%
Country Ethiopia
54%
Country Fiji
54%
Country Kazakhstan
54%
Country Kiribati
54%
Country Kuwait
54%
Country Lebanon
54%
Country Liberia
54%
Country Mali
54%
Country Mali
54%
Country Monaco
54%
Country Monaco
54%
Country Romania
54%
Country Saint Lucia
54%
Country Saint Vincent and theGrenadines
54%
Country Saint Vincent and theGrenadines
54%
Country Samoa
54%
Country San Marino
54%
Country Saudi Arabia
54%
Country Serbia
54%
Country Solomon Islands
54%
Country Somalia
54%
Country Spain
54%
Country Syria
54%
Country Tonga
54%
Country Trinidad and Tobago
54%
Country United Arab Emirates
54%
Country Venezuela
54%
Country Yemen
54%
Country Zimbabwe
54%
Country Algeria
53%
Country Angola
53%
Country Antigua and Barbuda
53%
Country Bahrain
53%
Country Bahrain
53%
Country Bhutan
53%
Country Bosnia and Herzegovina
53%
Country Burkina Faso
53%
Country Cameroon
53%
Country Cameroon
53%
Country Democratic Republicof the Congo
53%
Country Equatorial Guinea
53%
Country Eswatini
53%
Country Federated States of Micronesia
53%
Country Guinea
53%
Country Guinea-Bissau
53%
Country Guinea-Bissau
53%
Country Haiti
53%
Country Kenya
53%
Country Kiribati
53%
Country Maldives
53%
Country Montenegro
53%
Country Montenegro
53%
Country Montenegro
53%
Country Nauru
53%
Country New Zealand
53%
Country Nicaragua
53%
Country Nicaragua
53%
Country Saint Kitts and Nevis
53%
Country Saint Kitts and Nevis
53%
Country Saint Vincent and theGrenadines
53%
Country San Marino
53%
Country São Tomé and Príncipe
53%
Country São Tomé and Príncipe
53%
Country Saudi Arabia
53%
Country Saudi Arabia
53%
Country Tanzania
53%
Country Togo
53%
Country Tuvalu
53%
Country Ukraine
53%
Country Vietnam
53%
Country Zambia
53%
Country Austria
52%
Country Bahrain
52%
Country Burkina Faso
52%
Country Burundi
52%
Country Cameroon
52%
Country Cape Verde
52%
Country Colombia
52%
Country East Timor
52%
Country Eritrea
52%
Country Federated States of Micronesia
52%
Country Grenada
52%
Country Haiti
52%
Country Israel
52%
Country Ivory Coast
52%
Country Kenya
52%
Country Kenya
52%
Country Kenya
52%
Country Madagascar
52%
Country Malta
52%
Country Nicaragua
52%
Country Nicaragua
52%
Country Nigeria
52%
Country Palau
52%
Country Papua New Guinea
52%
Country Saint Lucia
52%
Country Saint Lucia
52%
Country Samoa
52%
Country São Tomé and Príncipe
52%
Country Tanzania
52%
Country Tonga
52%
Country Trinidad and Tobago
52%
Country Trinidad and Tobago
52%
Country Uganda
52%
Country Venezuela
52%
Country Venezuela
52%
Country Zambia
52%
Country Bahamas
51%
Country Bahrain
51%
Country Bangladesh
51%
Country Benin
51%
Country Croatia
51%
Country Croatia
51%
Country Cyprus
51%
Country Czech Republic
51%
Country Czech Republic
51%
Country Dominica
51%
Country East Timor
51%
Country Egypt
51%
Country Eritrea
51%
Country Ethiopia
51%
Country Ethiopia
51%
Country France
51%
Country Guinea-Bissau
51%
Country Haiti
51%
Country Honduras
51%
Country India
51%
Country Jordan
51%
Country Kiribati
51%
Country Kiribati
51%
Country Lebanon
51%
Country Madagascar
51%
Country Maldives
51%
Country Mozambique
51%
Country Mozambique
51%
Country Mozambique
51%
Country Mozambique
51%
Country Romania
51%
Country Saint Kitts and Nevis
51%
Country Saint Lucia
51%
Country Samoa
51%
Country São Tomé and Príncipe
51%
Country Saudi Arabia
51%
Country Seychelles
51%
Country Slovakia
51%
Country Solomon Islands
51%
Country Syria
51%
Country Tanzania
51%
Country Tanzania
51%
Country Togo
51%
Country Trinidad and Tobago
51%
Country Tuvalu
51%
Country Uganda
51%
Country Uganda
51%
Country Vanuatu
51%
Country Antigua and Barbuda
50%
Country Austria
50%
Country Bahrain
50%
Country Djibouti
50%
Country Dominican Republic
50%
Country Dominican Republic
50%
Country Eritrea
50%
Country Federated States of Micronesia
50%
Country France
50%
Country Grenada
50%
Country Guyana
50%
Country Honduras
50%
Country Hungary
50%
Country Indonesia
50%
Country Ivory Coast
50%
Country Kazakhstan
50%
Country Lebanon
50%
Country Malawi
50%
Country Maldives
50%
Country Marshall Islands
50%
Country Mexico
50%
Country Monaco
50%
Country Nauru
50%
Country Nigeria
50%
Country Papua New Guinea
50%
Country Rwanda
50%
Country Saint Kitts and Nevis
50%
Country Samoa
50%
Country Slovakia
50%
Country Solomon Islands
50%
Country Spain
50%
Country Tonga
50%
Country Trinidad and Tobago
50%
Country Tuvalu
50%
Country Zambia
50%
Country Angola
49%
Country Antigua and Barbuda
49%
Country Bahamas
49%
Country Bahamas
49%
Country Bosnia and Herzegovina
49%
Country Bulgaria
49%
Country Cape Verde
49%
Country Colombia
49%
Country Czech Republic
49%
Country Czech Republic
49%
Country Dominica
49%
Country Dominican Republic
49%
Country Dominican Republic
49%
Country Dominican Republic
49%
Country Eritrea
49%
Country Fiji
49%
Country France
49%
Country France
49%
Country Haiti
49%
Country Jordan
49%
Country Kuwait
49%
Country Madagascar
49%
Country Malawi
49%
Country Maldives
49%
Country Marshall Islands
49%
Country Mauritania
49%
Country Nauru
49%
Country North Macedonia
49%
Country Philippines
49%
Country Rwanda
49%
Country San Marino
49%
Country Sierra Leone
49%
Country Solomon Islands
49%
Country Spain
49%
Country Taiwan
49%
Country Tonga
49%
Country Trinidad and Tobago
49%
Country Turkey
49%
Country Turkmenistan
49%
Country Tuvalu
49%
Country Uganda
49%
Country Uganda
49%
Country Venezuela
49%
Country Venezuela
49%
Country Venezuela
49%
Country Yemen
49%
Country Zambia
49%
Country Angola
48%
Country Antigua and Barbuda
48%
Country Antigua and Barbuda
48%
Country Bosnia and Herzegovina
48%
Country Central African Republic
48%
Country Colombia
48%
Country Costa Rica
48%
Country Dominica
48%
Country Dominica
48%
Country El Salvador
48%
Country Equatorial Guinea
48%
Country Eritrea
48%
Country Guinea-Bissau
48%
Country Honduras
48%
Country Kosovo
48%
Country Monaco
48%
Country Mozambique
48%
Country Nauru
48%
Country Nicaragua
48%
Country Saint Kitts and Nevis
48%
Country Saint Kitts and Nevis
48%
Country Saint Vincent and theGrenadines
48%
Country Saint Vincent and theGrenadines
48%
Country San Marino
48%
Country Slovenia
48%
Country Somalia
48%
Country Spain
48%
Country Sudan
48%
Country Turkmenistan
48%
Country Tuvalu
48%
Country Uganda
48%
Country Vatican City
48%
Country Venezuela
48%
Country Algeria
47%
Country Angola
47%
Country Antigua and Barbuda
47%
Country Barbados
47%
Country Barbados
47%
Country Bosnia and Herzegovina
47%
Country Cape Verde
47%
Country Comoros
47%
Country Djibouti
47%
Country Dominica
47%
Country France
47%
Country France
47%
Country Gabon
47%
Country Grenada
47%
Country Indonesia
47%
Country Indonesia
47%
Country Kenya
47%
Country Laos
47%
Country Malawi
47%
Country Malawi
47%
Country Maldives
47%
Country Mozambique
47%
Country Myanmar
47%
Country Nauru
47%
Country Nauru
47%
Country New Zealand
47%
Country Nigeria
47%
Country Oman
47%
Country Palau
47%
Country Rwanda
47%
Country Rwanda
47%
Country Rwanda
47%
Country Saint Kitts and Nevis
47%
Country Samoa
47%
Country San Marino
47%
Country Tanzania
47%
Country Uzbekistan
47%
Country Vanuatu
47%
Country Yemen
47%
Country Antigua and Barbuda
46%
Country Australia
46%
Country Bangladesh
46%
Country Cape Verde
46%
Country Cape Verde
46%
Country Central African Republic
46%
Country Colombia
46%
Country Colombia
46%
Country Croatia
46%
Country Cyprus
46%
Country Dominica
46%
Country Eritrea
46%
Country Federated States of Micronesia
46%
Country France
46%
Country France
46%
Country Grenada
46%
Country Grenada
46%
Country Guyana
46%
Country Kiribati
46%
Country Madagascar
46%
Country Malawi
46%
Country Malawi
46%
Country Malawi
46%
Country Marshall Islands
46%
Country Mauritania
46%
Country Mauritania
46%
Country Mexico
46%
Country Oman
46%
Country Papua New Guinea
46%
Country Saint Kitts and Nevis
46%
Country Saint Lucia
46%
Country São Tomé and Príncipe
46%
Country Seychelles
46%
Country Seychelles
46%
Country Seychelles
46%
Country Sudan
46%
Country Tuvalu
46%
Country United Arab Emirates
46%
Country Bahrain
45%
Country Bangladesh
45%
Country Bosnia and Herzegovina
45%
Country Burundi
45%
Country Burundi
45%
Country Colombia
45%
Country Colombia
45%
Country Comoros
45%
Country Dominican Republic
45%
Country Dominican Republic
45%
Country Ethiopia
45%
Country Federated States of Micronesia
45%
Country France
45%
Country France
45%
Country France
45%
Country Grenada
45%
Country Honduras
45%
Country Kiribati
45%
Country Madagascar
45%
Country Malawi
45%
Country Marshall Islands
45%
Country Marshall Islands
45%
Country Monaco
45%
Country Nauru
45%
Country Nauru
45%
Country Suriname
45%
Country Uzbekistan
45%
Country Yemen
45%
Country Antigua and Barbuda
44%
Country Antigua and Barbuda
44%
Country Australia
44%
Country Bahamas
44%
Country Colombia
44%
Country Cyprus
44%
Country Czech Republic
44%
Country Djibouti
44%
Country El Salvador
44%
Country France
44%
Country Madagascar
44%
Country Madagascar
44%
Country Myanmar
44%
Country North Macedonia
44%
Country Papua New Guinea
44%
Country San Marino
44%
Country San Marino
44%
Country Slovenia
44%
Country Solomon Islands
44%
Country Tuvalu
44%
Country Uganda
44%
Country Uganda
44%
Country United Arab Emirates
44%
Country Venezuela
44%
Country Antigua and Barbuda
43%
Country Benin
43%
Country Colombia
43%
Country Dominica
43%
Country Mexico
43%
Country North Macedonia
43%
Country Portugal
43%
Country Portugal
43%
Country Saint Kitts and Nevis
43%
Country Samoa
43%
Country San Marino
43%
Country Senegal
43%
Country Sudan
43%
Country Tonga
43%
Country Uganda
43%
Country Antigua and Barbuda
42%
Country Bosnia and Herzegovina
42%
Country Bulgaria
42%
Country Burundi
42%
Country Cape Verde
42%
Country Cuba
42%
Country Dominica
42%
Country Guyana
42%
Country Guyana
42%
Country Guyana
42%
Country Jamaica
42%
Country Madagascar
42%
Country Malawi
42%
Country Maldives
42%
Country Myanmar
42%
Country North Macedonia
42%
Country Rwanda
42%
Country Saint Lucia
42%
Country Yemen
42%
Country Bangladesh
41%
Country Burundi
41%
Country Comoros
41%
Country Guyana
41%
Country Monaco
41%
Country Myanmar
41%
Country Saint Lucia
41%
Country Saint Vincent and the Grenadines
41%
Country Venezuela
41%
Country Bahamas
40%
Country Comoros
40%
Country Croatia
40%
Country Cyprus
40%
Country Federated States of Micronesia
40%
Country North Macedonia
40%
Country Saint Vincent and the Grenadines
40%
Country San Marino
40%
Country South Sudan
40%
Country Venezuela
40%
Country Algeria
39%
Country Antigua and Barbuda
39%
Country Central African Republic
39%
Country Colombia
39%
Country Costa Rica
39%
Country Honduras
39%
Country Mozambique
39%
Country Nicaragua
39%
Country Saint Vincent and the Grenadines
39%
Country São Tomé and Príncipe
39%
Country South Sudan
39%
Country Suriname
39%
Country Yemen
39%
Country Yemen
39%
Country Albania
38%
Country Burundi
38%
Country Costa Rica
38%
Country Croatia
38%
Country Federated States of Micronesia
38%
Country Gabon
38%
Country Guinea
38%
Country Honduras
38%
Country Portugal
38%
Country Saudi Arabia
38%
Country Seychelles
38%
Country Tunisia
38%
Country Albania
37%
Country Belarus
37%
Country Croatia
37%
Country Gambia
37%
Country Ghana
37%
Country Guyana
37%
Country Honduras
37%
Country Ivory Coast
37%
Country Liberia
37%
Country Mozambique
37%
Country Myanmar
37%
Country Nicaragua
37%
Country Senegal
37%
Country Seychelles
37%
Country Tunisia
37%
Country Bangladesh
36%
Country Benin
36%
Country Bosnia and Herzegovina
36%
Country Burundi
36%
Country Comoros
36%
Country Comoros
36%
Country Croatia
36%
Country Cuba
36%
Country Egypt
36%
Country Gabon
36%
Country Guyana
36%
Country Latvia
36%
Country Mali
36%
Country Seychelles
36%
Country Central African Republic
35%
Country Costa Rica
35%
Country Cyprus
35%
Country Egypt
35%
Country Guinea
35%
Country Jamaica
35%
Country Latvia
35%
Country Portugal
35%
Country Sierra Leone
35%
Country South Sudan
35%
Country Tunisia
35%
Country Venezuela
35%
Country Benin
34%
Country Bosnia and Herzegovina
34%
Country Comoros
34%
Country Guinea-Bissau
34%
Country San Marino
34%
Country Suriname
34%
Country Yemen
34%
Country Cape Verde
33%
Country Colombia
33%
Country Comoros
33%
Country Federated States of Micronesia
33%
Country Gambia
33%
Country Jamaica
33%
Country Mali
33%
Country Montenegro
33%
Country Myanmar
33%
Country San Marino
33%
Country Saudi Arabia
33%
Country Bahamas
32%
Country Bangladesh
32%
Country Bosnia and Herzegovina
32%
Country Nicaragua
32%
Country Palau
32%
Country Palau
32%
Country Papua New Guinea
32%
Country Seychelles
32%
Country Bosnia and Herzegovina
31%
Country Colombia
31%
Country Cuba
31%
Country Ecuador
31%
Country Guyana
31%
Country Maldives
31%
Country Palau
31%
Country Peru
31%
Country Sudan
31%
Country Venezuela
31%
Country Cape Verde
30%
Country Cape Verde
30%
Country Federated States of Micronesia
30%
Country Ghana
30%
Country Guinea-Bissau
30%
Country Jamaica
30%
Country Montenegro
30%
Country Netherlands
30%
Country Palau
30%
Country Portugal
30%
Country Serbia
30%
Country Sierra Leone
30%
Country Guatemala
29%
Country Netherlands
29%
Country Netherlands
29%
Country Serbia
29%
Country Seychelles
29%
Country Venezuela
29%
Country Vietnam
29%
Country Vietnam
29%
Country Liberia
28%
Country Maldives
28%
Country Palau
28%
Country San Marino
28%
Country Vietnam
28%
Country Federated States of Micronesia
27%
Country Mali
27%
Country Netherlands
27%
Country Papua New Guinea
27%
Country Portugal
27%
Country San Marino
27%
Country Yemen
27%
Country Colombia
26%
Country Ivory Coast
26%
Country Jamaica
26%
Country Latvia
26%
Country Netherlands
26%
Country Netherlands
26%
Country Palau
26%
Country Senegal
26%
Country Belarus
25%
Country Belarus
25%
Country Ghana
25%
Country Guatemala
25%
Country Honduras
25%
Country Oman
25%
Country Saudi Arabia
25%
Country Federated States of Micronesia
24%
Country Gambia
24%
Country Guatemala
24%
Country Guinea
24%
Country Honduras
24%
Country Jamaica
24%
Country Liberia
24%
Country Sudan
24%
Country Belize
23%
Country El Salvador
23%
Country Honduras
23%
Country Netherlands
23%
Country Netherlands
23%
Country Netherlands
23%
Country Peru
23%
Country Ivory Coast
22%
Country Netherlands
22%
Country Papua New Guinea
22%
Country Colombia
21%
Country Ecuador
21%
Country Ecuador
21%
Country El Salvador
21%
Country Guinea-Bissau
21%
Country Netherlands
21%
Country Netherlands
21%
Country Peru
21%
Country Sierra Leone
21%
Country Belize
20%
Country El Salvador
20%
Country Netherlands
20%
Country Belize
19%
Country Maldives
19%
Country Oman
19%
Country Saudi Arabia
19%
Country Cape Verde
18%
Country Colombia
18%
Country Sudan
18%
Country Netherlands
17%
Country Netherlands
17%
Country Oman
15%
No matching quizzes found
Score Distribution
Percent of People with Each Score
Percentile by Number Answered
Your Score History
You have not taken this quiz since the last reset